[Event "Stay Safe Play From Home 359"]
[Site "Emanuel Lasker Arena"]
[Date "2020.08.05"]
[Round "1"]
[White "Gokerkan"]
[Black "SelamiSahin"]
[Result "1-0"]
[WhiteElo "2580"]
[BlackElo "2163"]
[Annotator "TA"]
[PlyCount "41"]
[EventDate "2020.08.05"]
[EventType "swiss (blitz)"]

{[%evp 14,41,4,-20,0,-15,0,0,0,0,0,0,0,-12,0,0,0,2,21,16,102,58,544,539,567,558,634,634,723,713]} 1. e4 c6 2. d4 d5 3. exd5 cxd5 4. Nf3 Nc6 5. c4 Bg4 6. Nc3 Nf6 7. cxd5 Nxd5 8. Bb5 e6 {B13: Caro-Kann: Exchange Variation and Panov-Botvinnik Attack.} 9. O-O Be7 10. h3 Bxf3 {The position is equal.} 11. Qxf3 O-O 12. Bxc6 bxc6 13. Rd1 Nxc3 14. bxc3 Qa5 15. Qxc6 Rfc8 16. Qb7 Ba3 (16... Qxc3 $11 {remains equal.} 17. Be3 Qa3) 17. Bd2 Bb2 $2 {[%mdl 8192] [#] This move loses the game for Black.} (17... Rab8 $14 18. Qf3 Bb2) 18. Qxb2 $18 {White is clearly winning.} Rab8 19. Qc2 Qa3 20. Rab1 a5 21. Rxb8 {Accuracy: White = 87%, Black = 53%.} 1-0

[Event "Stay Safe Play From Home 359"]
[Site "Emanuel Lasker Arena"]
[Date "2020.08.05"]
[Round "1"]
[White "AChessPlayer"]
[Black "NTBT_DHS"]
[Result "1-0"]
[WhiteElo "2422"]
[BlackElo "2631"]
[Annotator "TA"]
[PlyCount "75"]
[EventDate "2020.08.05"]
[EventType "swiss (blitz)"]

{[%evp 15,75,0,0,0,0,2,12,15,19,15,24,0,0,-20,166,179,229,223,270,245,325,290,301,301,282,297,277,281,550,527,447,465,360,181,220,0,0,0,0,0,0,-2074,113,46,584,573,1033,969,2509,2385,29975,29974,29987,29978,29978,29979,29979,29980,29975,29977,29977,29958]} 1. d3 Nf6 2. Nf3 g6 3. g3 Bg7 4. Bg2 d6 5. O-O O-O 6. c4 Nc6 7. Nc3 e5 8. e4 Bg4 9. h3 {A26: English Opening vs King's Indian with ...Nc6 and d3.} Bxf3 10. Bxf3 Nd4 11. Bg2 {The position is equal.} Nd7 12. Be3 {[#]} Nc5 $146 ({Predecessor:} 12... c6 13. Qd2 a5 14. Bxd4 exd4 15. Ne2 {½-½ (15) Strzemiecki,Z (2361)-Sevostianov,P (2302) Chervonograd 2014}) 13. Bxd4 exd4 14. Ne2 f5 $2 (14... a5 $11 {and Black is okay.}) 15. b4 $18 Na6 16. exf5 {Hoping for Bd5+.} Nxb4 17. Qb3 ({Weaker is} 17. Bxb7 Rb8 $14) 17... c5 18. a3 Qe7 {Black hopes to continue with ...Nc6.} 19. axb4 Qxe2 20. Rfe1 Qd2 21. bxc5 ({But not} 21. Bxb7 $6 Rab8 $16) 21... Rxf5 $2 (21... dxc5 {keeps fighting.} 22. Re7 (22. Bxb7 Rab8 $16) 22... Rab8 23. Rxa7 Qg5) 22. Qxb7 Raf8 23. f4 Qxd3 24. cxd6 (24. Rxa7 $142 {[%csl Ga7][%cal Rb7g7]} R8f7 25. Qa8+ (25. Re7 Qxg3 26. cxd6 Bf8 $16) 25... Bf8 26. Rxf7 Rxf7 27. cxd6) 24... Qxg3 {Strongly threatening ...d3.} 25. Rf1 $2 (25. d7 $1 $18 {[%cal Rd7d8]} Qxf4 26. Re7) 25... Rxf4 $11 {...d3! is the strong threat.} 26. Rxf4 $40 {[%mdl 128] White mounts an attack.} Qxf4 27. Qd5+ Kh8 {And now ...Be5 would win.} 28. d7 $2 {[%mdl 8192]} (28. Rf1 $11 Qe3+ 29. Kh1 Rxf1+ 30. Bxf1) 28... Qh4 $2 {[#]} (28... Be5 $19 {[%csl Ge5][%cal Rf4h2]} 29. Qf3 Qh2+ 30. Kf2 Rxf3+ 31. Kxf3 Qg3+ 32. Ke4 Bf6 33. d8=Q+ Bxd8) 29. Rd1 ({White should play} 29. Kh1 $1 $16) 29... a5 $2 {[%mdl 8192] [#]} (29... Bf6 $1 $14) 30. c5 $1 $18 {[%cal Rc5c6] Threatens to win with c6.} Qd8 31. c6 Qb6 32. Qd6 d3+ 33. Kh1 {White mates.} d2 34. Qxd2 Be5 35. d8=Q Rxd8 36. Qxd8+ Qxd8 37. Rxd8+ Kg7 38. Ra8 {[%mdl 64] Decoy. Accuracy: White = 76%, Black = 35%.} 1-0

[Event "Stay Safe Play From Home 359"]
[Site "Emanuel Lasker Arena"]
[Date "2020.08.05"]
[Round "1"]
[White "Nuktotitakoi"]
[Black "TheCHESSHOUSE"]
[Result "1-0"]
[WhiteElo "2395"]
[BlackElo "2064"]
[Annotator "TA"]
[PlyCount "39"]
[EventDate "2020.08.05"]
[EventType "swiss (blitz)"]

{[%evp 9,39,8,23,25,55,56,44,28,33,34,59,61,77,72,179,156,216,205,233,29,20,27,109,103,149,112,279,275,316,306,2532,2461]} 1. Nf3 d6 2. Nc3 Nf6 3. d4 g6 4. Bf4 Bg7 5. Qd2 O-O 6. Bh6 {A48: 1 d4 Nf6 2 Nf3 g6: Torre, London and Colle Systems.} Nc6 7. Bxg7 Kxg7 8. h4 {White is slightly better.} h5 9. O-O-O Bf5 10. Ng5 {[#]} a6 $146 ({Predecessor:} 10... d5 11. f3 Rh8 12. e4 dxe4 13. fxe4 Bg4 14. Be2 Qd7 15. e5 Nd5 16. Nxd5 Qxd5 17. Bxg4 hxg4 {1-0 (33) Byrd,J-Bermudez Barrera,E (2099) ICC INT 2009}) 11. e4 Bg4 (11... Bd7 $16 {was worth a try.}) 12. f3 $18 Bd7 (12... Bc8 $16) 13. g4 $1 Rh8 {[#]} ({Not} 13... hxg4 14. fxg4 Bxg4 15. Be2 $11) 14. Qf4 $2 (14. e5 $1 $18 {[%mdl 512]}) 14... e5 $11 ({Don't blunder} 14... hxg4 $2 15. e5 $18) 15. dxe5 dxe5 (15... Nxe5 $11 {remains equal.} 16. Qe3 {[#]} Nfxg4 $1 {[%mdl 512]} 17. fxg4 hxg4) 16. Qe3 Qe7 17. Bc4 b5 $2 (17... Raf8 $16) 18. Bxf7 $18 hxg4 19. Nd5 Nh5 $2 (19... Nxd5 20. exd5 Na5) 20. Nxe7 {[%mdl 64] Discovered Attack. Accuracy: White = 77%, Black = 18%.} 1-0

[Event "Stay Safe Play From Home 359"]
[Site "Emanuel Lasker Arena"]
[Date "2020.08.05"]
[Round "1"]
[White "Lamborghini"]
[Black "Trotsky"]
[Result "1-0"]
[WhiteElo "2328"]
[BlackElo "1616"]
[Annotator "TA"]
[PlyCount "39"]
[EventDate "2020.08.05"]
[EventType "swiss (blitz)"]

{[%evp 10,38,67,57,52,35,170,171,151,160,375,294,696,720,688,695,798,787,791,756,806,613,964,901,1160,1086,2303,1937,29995,29996,29999]} 1. e4 c5 2. Nf3 e6 3. d4 d5 4. exd5 exd5 5. Bb5+ Nc6 6. O-O Be6 {[#] C01: French: Exchange Variation.} 7. c4 $146 ({Predecessor:} 7. Ng5 Qd7 8. Re1 O-O-O 9. Nxe6 fxe6 10. Nd2 Re8 11. Nf3 Nf6 12. Be3 Ng4 13. dxc5 Nxe3 14. Rxe3 Bxc5 {1-0 (36) Shyam,S (2512)-Pratyay,C (1677) Kolkata 2019}) 7... Qc7 (7... Nf6 $14) 8. cxd5 $18 Bxd5 {White is clearly better.} 9. Nc3 Bxf3 $2 (9... O-O-O $16) 10. Qxf3 ({Inferior is} 10. gxf3 O-O-O $11) 10... Nf6 $2 (10... O-O-O 11. Bf4 Bd6) 11. d5 {[%mdl 64] [#] And now Re1+ would win. Pin} Bd6 12. dxc6 O-O-O 13. cxb7+ Kb8 14. h3 h5 15. Be2 Ng4 16. Nb5 ({Not} 16. hxg4 $2 Bh2+ 17. Kh1 hxg4 $19) 16... Bh2+ 17. Kh1 Qe5 18. Qa3 {[%csl Gb5][%cal Ra3a7] [#]} a6 19. Qxa6 {[%csl Gb7][%cal Ra6a8]} Bg1 20. Qa7# {Black got outplayed after the opening} 1-0

[Event "Stay Safe Play From Home 359"]
[Site "Emanuel Lasker Arena"]
[Date "2020.08.05"]
[Round "1"]
[White "Uber_WING"]
[Black "Cirovicz"]
[Result "1-0"]
[WhiteElo "2273"]
[BlackElo "1821"]
[Annotator "TA"]
[PlyCount "79"]
[EventDate "2020.08.05"]
[EventType "swiss (blitz)"]

{[%evp 9,78,-6,65,74,79,36,58,-27,-30,-29,-19,-14,-8,-55,36,36,119,18,43,-45,-53,-70,-31,-34,23,22,26,-22,-29,-28,11,25,15,20,51,29,37,43,676,672,687,683,888,858,847,836,886,875,893,879,1395,1016,1008,1016,1011,990,1014,982,916,857,29972,714,1037,901,29999,1934,29997,29998,29998,29999,29999]} 1. e4 e5 2. Nf3 Nc6 3. d4 d6 4. Bc4 exd4 5. c3 Bg4 ({Black should try} 5... dxc3 $11 6. Nxc3 Nf6) 6. Qb3 Qd7 7. Ng5 {[%cal Rc4f7]} ({Much weaker is} 7. Qxb7 $6 Rb8 $11) (7. Nxd4 $5 {[%cal Rb3b7]} Na5 8. Bxf7+ Qxf7 9. Qb5+ {[%mdl 64] Double Attack} Bd7 10. Qxa5 $16) 7... Nh6 8. Qxb7 (8. Bd5 $14 Rb8 9. f3) 8... Rb8 $11 9. Qa6 Rb6 10. Qa4 Be7 11. h3 (11. Bb5 {feels hotter.} a6 12. Bxa6 O-O 13. Bb5 Rfb8 14. Bxc6 Qxc6 15. Qxc6 Rxc6 16. h3) 11... Bxg5 (11... Ne5 $15 12. Qxd7+ Bxd7) 12. Bxg5 $14 Be6 (12... Ne5 $1 $14 13. Qxd7+ (13. Qxa7 O-O $15) 13... Bxd7) 13. Bxe6 ({White should play} 13. Bb5 $16) 13... fxe6 $11 14. Bxh6 (14. O-O $14) 14... gxh6 $15 15. Nd2 dxc3 (15... Rxb2 $5 {[%cal Rd4c3]} 16. cxd4 Nb4 17. Qxd7+ Kxd7 $17) 16. bxc3 O-O (16... Ne5 $15 17. Qxd7+ Nxd7) 17. O-O $11 Ne5 18. Qxd7 (18. Qxa7 {is more complex.} Nd3 19. Rab1 Rxb1 20. Rxb1 Qg7 21. Rb8) 18... Nxd7 19. Rab1 Rxb1 20. Rxb1 {[%mdl 4096] Endgame KRN-KRN} Nc5 21. f3 a5 22. Rb5 a4 23. Kf2 d5 $2 {[%mdl 8192] Loses the game.} (23... Kf7 $14) 24. Rxc5 $18 {[%mdl 64] [#] Double Attack} dxe4 25. Nxe4 {KRN-KR} Kg7 26. Rxc7+ Kg6 27. Nc5 Rb8 28. Nxe6 Rb2+ 29. Kg3 Rxa2 30. Rc6 Kf7 31. Nf4 Kg7 32. h4 a3 33. Ra6 Ra1 34. Kg4 a2 35. g3 (35. Kf5 $142 Kf8 {[#]} 36. Ra7 $1 {[%mdl 512]} Rd1 37. Ne6+ Kg8 38. Rg7+ Kh8 39. Rf7 Rd8 40. Nxd8) 35... h5+ 36. Nxh5+ Kh8 37. Ra7 (37. Ra8# $142) 37... h6 38. Nf6 {[%csl Gf6][%cal Ra7h7] White mates.} h5+ 39. Kf4 {[%csl Gf6][%cal Ra7h7]} Rf1 40. Rh7# {Accuracy: White = 51%, Black = 35%.} 1-0

[Event "Stay Safe Play From Home 359"]
[Site "Emanuel Lasker Arena"]
[Date "2020.08.05"]
[Round "1"]
[White "Stefanone"]
[Black "Dreamsoldier"]
[Result "1-0"]
[WhiteElo "1910"]
[BlackElo "1282"]
[Annotator "TA"]
[PlyCount "17"]
[EventDate "2020.08.05"]
[EventType "swiss (blitz)"]

{[%evp 9,17,-4,22,2,36,31,114,34,100,49]} 1. d4 Nf6 2. e3 g6 3. f4 Bg7 4. Nf3 d6 5. Bc4 Bg4 6. O-O {A45: Trompowsky Attack.} Bxf3 7. Qxf3 {[#]} O-O $146 ({Better is} 7... d5 $14) ({Predecessor:} 7... c6 8. Nd2 Nbd7 9. c3 Qc7 10. e4 e5 11. Nb3 O-O 12. f5 d5 13. exd5 e4 {1-0 (24) Pinzon,E (2046)-Villamil,N (1839) Medellin 2011}) 8. c3 (8. Qxb7 $16 Nbd7 9. Qc6) 8... Nc6 ({Black should play} 8... d5 $14) 9. Bd3 {Black got outplayed after the opening} (9. e4 $16) 1-0

[Event "Stay Safe Play From Home 359"]
[Site "Emanuel Lasker Arena"]
[Date "2020.08.05"]
[Round "1"]
[White "Buzaglo"]
[Black "Tran Minh Thang"]
[Result "0-1"]
[WhiteElo "1849"]
[BlackElo "2489"]
[Annotator "TA"]
[PlyCount "48"]
[EventDate "2020.08.05"]
[EventType "swiss (blitz)"]

{[%evp 9,47,6,39,-75,-87,-103,-94,-132,-116,-117,-118,-157,-143,-167,-167,-176,-168,-160,-156,-176,-121,-248,-199,-546,-531,-537,-557,-1329,-1295,-1261,-1290,-29994,-29995,-29995,-29996,-29997,-29998,-29998,-29999,-29999]} 1. d4 Nf6 2. Nf3 e6 3. g3 Be7 4. Bg2 O-O 5. O-O c5 {[#]} 6. d5 $146 {A46: 1 d4 Nf6 2 Nf3 e6: Torre, London and Colle Systems.} (6. c4 $14 {stays ahead.}) ({Predecessor:} 6. c4 d5 7. cxd5 Nxd5 8. e4 Nb6 9. Nc3 cxd4 10. Nxd4 e5 11. Ndb5 Nc6 12. Nd5 Be6 13. Nbc7 Nxd5 14. Nxe6 fxe6 15. exd5 exd5 16. Qxd5+ Kh8 17. Be3 Qxd5 18. Bxd5 {1-0 (46) Vijayalakshmi,S (2357)-Szczepkowska,K (2419) Riadh 2017}) 6... Nxd5 $17 7. Ne5 Nc6 8. Bxd5 {Black is better.} Nxe5 9. Bg2 d5 10. c3 Bd7 11. Nd2 Bc6 12. Nf3 Nxf3+ 13. Bxf3 Bf6 14. Bf4 Qe7 ({Better is} 14... e5 $19 15. Be3 e4) 15. b3 {This move loses the game for White.} (15. e4 $17) 15... e5 16. Rc1 $2 (16. Bd2 {is a better chance.}) 16... exf4 $19 17. gxf4 Rad8 18. e4 dxe4 {[%mdl 64] [#] Discovered Attack} 19. Qe2 exf3 20. Qxf3 Bxf3 {Black mates.} 21. Rfe1 Qd7 22. Re3 Qg4+ {[%mdl 64] [#] Double Attack} 23. Kf1 Qg2+ {[%mdl 64] Double Attack} 24. Ke1 Qg1# {Accuracy: White = 31%, Black = 90%.} 0-1

[Event "Stay Safe Play From Home 359"]
[Site "Emanuel Lasker Arena"]
[Date "2020.08.05"]
[Round "1"]
[White "Padmaesh M K"]
[Black "Lazieri3"]
[Result "1-0"]
[WhiteElo "1793"]
[BlackElo "2123"]
[Annotator "TA"]
[PlyCount "109"]
[EventDate "2020.08.05"]
[EventType "swiss (blitz)"]

{[%evp 15,109,0,26,27,24,-18,47,54,47,51,127,97,156,-73,226,-254,-273,-404,8,-433,49,25,87,83,362,0,0,0,89,27,45,54,42,37,103,76,279,0,0,0,264,231,230,227,227,228,211,83,175,39,98,39,70,50,96,70,107,69,59,0,89,58,102,87,262,217,383,381,350,10,123,27,361,360,352,350,324,304,431,177,144,0,516,145,12841,12841,29990,29991,29993,29994,29994,12849,29995,29996,29996,12850]} 1. d4 c6 2. c4 d5 3. Nf3 Nf6 4. cxd5 cxd5 5. Nc3 Nc6 6. Bf4 Bf5 7. e3 e6 8. Bb5 Bd6 9. Ne5 {D14: Slav Defence: Exchange variation with ...Bf5.} Rc8 10. Qa4 {[%cal Rb5c6]} O-O (10... Bxe5 $1 $11 11. dxe5 Nh5) 11. Bxc6 $14 {White is slightly better.} bxc6 12. Nxc6 {[%mdl 64] [#] Double Attack} Qc7 $146 (12... Qd7 $14 13. Bxd6 Qxd6 14. Nxa7 Rb8) ({Predecessor:} 12... Rxc6 13. Qxc6 Bxf4 14. exf4 Qb8 15. O-O Qxf4 16. Ne2 Qb8 17. Qc3 Ne4 18. Qe3 Qxb2 {1-0 (42) Mateus,A (2230)-Ruiz Aguilar,P (2241) Cali 2017}) 13. Nxa7 $16 Bxf4 (13... Ra8 $142 14. Ncb5 Bxf4 15. Nxc7 Bxc7) 14. exf4 $2 (14. Nxc8 $16 {is forced if you want to stay better.} Bxe3 15. fxe3 Rxc8 16. Rc1) 14... Qxf4 $2 {[%mdl 8192]} (14... Rb8 $1 $17 {[%cal Rb8b2] and life is bright.} 15. Nab5 Qxf4) 15. O-O $4 {[%mdl 8192]} (15. Nxc8 Rxc8 16. Qa6 Re8) (15. Ne2 $18 {avoids the disaster.} Qb8 16. Nxc8 Rxc8 17. Rc1) 15... Ra8 $1 $19 ({Less strong is} 15... Rc4 16. Qd1 $17) 16. Ncb5 (16. h3 $142) 16... Ne4 $2 ({Black should play} 16... Ng4 $19 {[%csl Gg4][%cal Rf4h2]} 17. g3 Qh6) 17. f3 $2 {[%mdl 8192]} (17. Qa3 $11 {and White stays safe.}) 17... Nd2 $2 (17... Qe3+ $19 18. Kh1 Nf2+ 19. Rxf2 Qxf2) 18. Rf2 $1 $14 Nc4 (18... Rfb8 $11) 19. b3 Nd6 $2 {[%mdl 8192]} (19... Ne3 $16 {was called for.}) 20. Qb4 $2 (20. g3 $18 Rxa7 21. Nxa7 (21. gxf4 Rxa4 22. bxa4 Nc4 $16)) 20... Nxb5 $11 21. Nxb5 Rac8 (21... Rfc8 $11 22. g3 Qb8) 22. a4 (22. Qd2 $1 $16 {[%cal Rd2f4]} Qb8 23. Nc3) 22... Rc1+ 23. Rxc1 Qxc1+ 24. Rf1 Qb2 (24... Qe3+ $14 25. Kh1 Bc2) 25. Qc3 Qa2 $2 (25... Qxc3 $16 26. Nxc3 Rb8) 26. Rf2 $2 (26. Ra1 $18 Qe2 27. Nd6) 26... Qb1+ 27. Rf1 Qd3 $2 {[%mdl 8192]} (27... Qa2 $1 $11) 28. Qxd3 Bxd3 29. Rc1 Bxb5 30. axb5 $18 {[%mdl 4096] Endgame b6 is the strong threat. KR-KR} Rb8 31. Rc5 (31. b6 $18 {is more deadly. Threatens to win with b7!} Kf8 32. Rc6) 31... g6 (31... h5 $16) 32. b4 (32. Kf1 $18) 32... Kf8 (32... h5 $14) 33. Kf2 (33. h4 $16) 33... Ke7 34. Ke3 Kd6 35. Kd3 h5 36. Rc6+ Kd7 37. Rc5 Kd6 $1 38. Kc3 f6 39. Kb3 e5 $2 (39... Kd7 $16 {was worth a try.}) 40. Kc3 e4 $2 (40... g5 41. Kd3 Rb6) 41. fxe4 dxe4 42. Kd2 $2 (42. Rc6+ $18 Kd7 43. Rxf6) 42... f5 (42... h4 $1 $11 {keeps the balance.}) 43. Ke3 ({White should try} 43. g3 $16) 43... Ra8 $2 {[%mdl 8192]} (43... h4 $11) 44. Rc6+ Kd5 45. Rxg6 Ra3+ 46. Kf4 Kxd4 (46... Rb3 {might work better.} 47. Kxf5 Rb1) 47. Kxf5 (47. Rd6+ $142 Kc4 48. b6 (48. Kxf5 Kxb5 49. Kxe4 Ra2 $18)) 47... e3 {[#]} 48. Rd6+ (48. Kf4 $1 $16) 48... Kc4 $2 {[%mdl 8192] [#]} (48... Kc3 $1 $11 {and Black is okay.}) 49. Re6 $2 (49. Kf4 $1 $18 {is the precise move to win.} Kxb5 50. Rd5+ Kc4 51. Re5 (51. Rxh5 e2 $11)) 49... Kxb4 $2 {[%mdl 8192]} (49... Kd3 $16) 50. b6 Kb5 51. b7 Kc5 52. b8=Q Ra5 53. Qe5+ (53. Qb6+ $142 Kc4+ 54. Qxa5 Kd3 55. Rc6 Ke2 56. Rc2+ Kd1 57. Rb2 h4 58. Qa1#) 53... Kc4 54. Qxa5 Kd3 {[#]} 55. Rxe3+ $3 {Both players deserved the win here. Accuracy: White = 31%, Black = 21%.} 1-0

[Event "Stay Safe Play From Home 359"]
[Site "Emanuel Lasker Arena"]
[Date "2020.08.05"]
[Round "1"]
[White "Edmatuag"]
[Black "BrainThinker22"]
[Result "0-1"]
[WhiteElo "1717"]
[BlackElo "2352"]
[Annotator "NA RC"]
[PlyCount "112"]
[EventDate "2020.08.05"]
[EventType "swiss (blitz)"]

1. f3 {[%emt 0:00:06]} d5 {[%emt 0:00:01]} 2. e3 {[%emt 0:00:01]} e6 {[%emt 0:00:00]} 3. Kf2 {[%emt 0:00:01]} Nf6 {[%emt 0:00:00]} 4. Ne2 {[%emt 0:00:00]} Be7 {[%emt 0:00:00]} 5. Ng3 {[%emt 0:00:00]} O-O {[%emt 0:00:00]} 6. Be2 {[%emt 0:00:00]} c5 {[%emt 0:00:00]} 7. h3 {[%emt 0:00:01]} Nc6 {[%emt 0:00:00]} 8. d4 {[%emt 0:00:01]} e5 {[%emt 0:00:00]} 9. dxe5 {[%emt 0:00:01]} Nxe5 {[%emt 0:00:00]} 10. e4 {[%emt 0:00:01]} dxe4 {[%emt 0:00:01]} 11. Nxe4 {[%emt 0:00:01]} Nxe4+ {[%emt 0:00:01]} 12. fxe4 {[%emt 0:00:02]} Bh4+ {[%emt 0:00:01]} 13. Kg1 {[%emt 0:00:02]} Qf6 {[%emt 0:00:02]} 14. Qf1 {[%emt 0:00:02]} Qg6 {[%emt 0:00:06]} 15. Qf4 {[%emt 0:00:02]} Bg3 {[%emt 0:00:03]} 16. Qg5 {[%emt 0:00:06]} Qxg5 {[%emt 0:00:08]} 17. Bxg5 {[%emt 0:00:00]} f6 {[%emt 0:00:00]} 18. Be3 {[%emt 0:00:01]} Be6 {[%emt 0:00:02]} 19. Nc3 {[%emt 0:00:01]} Rac8 {[%emt 0:00:02]} 20. Bf2 {[%emt 0:00:02]} Bxf2+ {[%emt 0:00:01]} 21. Kxf2 {[%emt 0:00:01]} b6 {[%emt 0:00:00]} 22. Rad1 {[%emt 0:00:02]} Rfd8 {[%emt 0:00:01]} 23. Nd5 {[%emt 0:00:01]} Bxd5 {[%emt 0:00:01]} 24. Rxd5 {[%emt 0:00:01]} Rxd5 {[%emt 0:00:01]} 25. exd5 {[%emt 0:00:01]} Rd8 {[%emt 0:00:00]} 26. c4 {[%emt 0:00:01]} Kf7 {[%emt 0:00:00]} 27. Rc1 {[%emt 0:00:01]} Ke7 {[%emt 0:00:02]} 28. Bg4 {[%emt 0:00:01]} Nxg4+ {[%emt 0:00:02]} 29. hxg4 {[%emt 0:00:00]} Kd7 {[%emt 0:00:00]} 30. Ke3 {[%emt 0:00:01]} Re8+ {[%emt 0:00:01]} 31. Kf2 {[%emt 0:00:01]} Kd6 {[%emt 0:00:00]} 32. Re1 {[%emt 0:00:01]} Rxe1 {[%emt 0:00:01]} 33. Kxe1 {[%emt 0:00:00]} Ke5 {[%emt 0:00:03]} 34. Kf2 {[%emt 0:00:00]} g6 {[%emt 0:00:02]} 35. Ke3 {[%emt 0:00:01]} a6 {[%emt 0:00:01]} 36. b3 {[%emt 0:00:01]} b5 {[%emt 0:00:01]} 37. a3 {[%emt 0:00:00]} bxc4 {[%emt 0:00:01]} 38. bxc4 {[%emt 0:00:00]} a5 {[%emt 0:00:00]} 39. Kf3 {[%emt 0:00:03]} f5 {[%emt 0:00:01]} 40. gxf5 {[%emt 0:00:02]} Kxf5 {[%emt 0:00:00]} 41. Ke3 {[%emt 0:00:01]} Ke5 {[%emt 0:00:00]} 42. Kf3 {[%emt 0:00:01]} h5 {[%emt 0:00:00]} 43. Ke3 {[%emt 0:00:00]} g5 {[%emt 0:00:01]} 44. Kf3 {[%emt 0:00:00]} Kf5 {[%emt 0:00:01]} 45. Kg3 {[%emt 0:00:00]} h4+ {[%emt 0:00:01]} 46. Kf3 {[%emt 0:00:00]} g4+ {[%emt 0:00:01]} 47. Kf2 {[%emt 0:00:02]} Ke5 {[%emt 0:00:00]} 48. Ke3 {[%emt 0:00:01]} h3 {[%emt 0:00:01]} 49. gxh3 {[%emt 0:00:02]} gxh3 {[%emt 0:00:00]} 50. Kf2 {[%emt 0:00:00]} h2 {[%emt 0:00:00]} 51. Kg2 {[%emt 0:00:01]} h1=Q+ {[%emt 0:00:00]} 52. Kxh1 {[%emt 0:00:01]} Kd4 {[%emt 0:00:00]} 53. Kg2 {[%emt 0:00:00]} Kxc4 {[%emt 0:00:00]} 54. d6 {[%emt 0:00:01]} Kd5 {[%emt 0:00:00]} 55. d7 {[%emt 0:00:00] . . . . .} Kc4 {[%emt 0:00:00]} 56. d8=Q {[%emt 0:00:00]} Kb3 {[%emt 0:00:00] Time Time Time Time Time (Lag: Av=0.59s, max=1.1s) (Lag: Av=0.59s, max=1.1s) (Lag: Av=0.59s, max=1.1s) (Lag: Av=0.59s, max=1.1s) (Lag: Av=0.59s, max=1.1s) . . . . .} 0-1

[Event "Stay Safe Play From Home 359"]
[Site "Emanuel Lasker Arena"]
[Date "2020.08.05"]
[Round "1"]
[White "Ao017545"]
[Black "SoulofWolf"]
[Result "0-1"]
[WhiteElo "1520"]
[BlackElo "2202"]
[Annotator "NA RC"]
[PlyCount "38"]
[EventDate "2020.08.05"]
[EventType "swiss (blitz)"]

1. e4 {[%emt 0:00:01]} e6 {[%emt 0:00:00]} 2. Nf3 {[%emt 0:00:01]} c5 {[%emt 0:00:00]} 3. Bc4 {[%emt 0:00:03]} Nc6 {[%emt 0:00:00]} 4. e5 {[%emt 0:00:01]} d5 {[%emt 0:00:01]} 5. exd6 {[%emt 0:00:02]} Bxd6 {[%emt 0:00:00]} 6. Nc3 {[%emt 0:00:00]} f5 {[%emt 0:00:02]} 7. Nb5 {[%emt 0:00:01]} Bb8 {[%emt 0:00:02]} 8. d3 {[%emt 0:00:05]} h6 {[%emt 0:00:01]} 9. Bf4 {[%emt 0:00:03]} Nf6 {[%emt 0:00:03]} 10. Bxb8 {[%emt 0:00:08]} Rxb8 {[%emt 0:00:00]} 11. Qe2 {[%emt 0:00:01]} O-O {[%emt 0:00:01]} 12. Bxe6+ {[%emt 0:00:03]} Kh8 {[%emt 0:00:02]} 13. Bxc8 {[%emt 0:00:01]} Re8 {[%emt 0:00:01]} 14. Be6 {[%emt 0:00:13]} Qe7 {[%emt 0:00:05]} 15. O-O {[%emt 0:00:11]} Qxe6 {[%emt 0:00:01]} 16. Qd2 {[%emt 0:00:01]} Qf7 {[%emt 0:00:02]} 17. Rfe1 {[%emt 0:00:04]} Rxe1+ {[%emt 0:00:01]} 18. Rxe1 {[%emt 0:00:01]} Rd8 {[%emt 0:00:01]} 19. Ne5 {[%emt 0:00:00]} Nxe5 {[%emt 0:00:01] Zaman Zaman Zaman Zaman Zaman (Lag: Av=0.42s, max=0.6s) (Lag: Av=0.42s, max=0.6s) (Lag: Av=0.42s, max=0.6s) (Lag: Av=0.42s, max=0.6s) (Lag: Av=0.42s, max=0.6s)} 0-1

[Event "Stay Safe Play From Home 359"]
[Site "Emanuel Lasker Arena"]
[Date "2020.08.05"]
[Round "1"]
[White "UHU4"]
[Black "AgentsofShield"]
[Result "0-1"]
[WhiteElo "1421"]
[BlackElo "1941"]
[Annotator "TA"]
[PlyCount "42"]
[EventDate "2020.08.05"]
[EventType "swiss (blitz)"]

{[%evp 9,42,-31,30,-19,0,-16,0,-60,-45,-48,-52,-82,-74,-87,-57,-108,-88,-158,-162,-205,-206,-213,-208,-209,69,-286,-256,-294,-71,-96,-35,-86,-43,-90,-99]} 1. e4 c5 2. d4 cxd4 3. c3 dxc3 4. Bc4 d6 5. Nxc3 Nf6 (5... e6 $15) 6. Nf3 {B21: Sicilian: 2 f4 and Morra Gambit.} (6. e5 {with more complications.} Nfd7 7. Nf3 Nc6 8. exd6 exd6 9. Qb3) 6... e6 (6... Bd7 {is more complex.} 7. Qe2 Nc6 8. O-O h6 9. Rd1 a6) 7. O-O Be7 8. Bg5 (8. Qe2 $1 $11) 8... O-O {[#]} 9. Bb3 $146 ({Predecessor:} 9. Qe2 h6 10. Be3 Nbd7 11. Rfd1 a6 12. a3 b5 13. Ba2 Bb7 14. Bc1 Qc7 15. Bb1 {0-1 (35) Socarras Campo,M (1526)-Cardona,J (1529) Dosquebradas 2018}) 9... h6 10. Bd2 Nc6 11. Qc1 a6 12. Bc2 ({White should try} 12. Rd1 $15) 12... Ne5 13. Nd4 (13. Nxe5 $142 dxe5 14. Rd1) 13... b5 $17 14. Bxh6 gxh6 15. Qxh6 Nfg4 16. Qh3 f5 $2 {[#]} (16... Bf6 $19 {...Kg7 is the strong threat.} 17. f4 Ng6) 17. f4 $2 {[%mdl 8192]} (17. exf5 $14 {was forced to keep a grip.} exf5 18. Nd5) 17... Qb6 18. Nce2 Ng6 $2 (18... Nc4 $19 {is more deadly.} 19. exf5 exf5) 19. Kh1 Kg7 (19... Nh4 $17 20. exf5 {[%mdl 64] Remove Defender} exf5 21. Bxf5 {[%mdl 64] Remove Defender} Bxf5 22. Nxf5 Rxf5 23. Qxg4+ Kh8) 20. exf5 $15 exf5 21. Qc3 {[#] Threatens to win with Nxf5+.} Bf6 {Accuracy: White = 31%, Black = 54%.} 0-1